| 000 -LEADER |
| fixed length control field |
00504nam a22001817a 4500 |
| 008 - FIXED-LENGTH DATA ELEMENTS--GENERAL INFORMATION |
| fixed length control field |
200103s9999||||xx |||||||||||||| ||und|| |
| 020 ## - INTERNATIONAL STANDARD BOOK NUMBER |
| International Standard Book Number |
9781906915117 |
| 082 ## - DEWEY DECIMAL CLASSIFICATION NUMBER |
| Classification number |
623.8933 |
| Item number |
NOR |
| 100 ## - MAIN ENTRY--PERSONAL NAME |
| Personal name |
Norris, Andy |
| 245 #0 - TITLE STATEMENT |
| Title |
Integrated Bridge Systems, Vol 2, Ecdis and Positioning |
| 250 ## - EDITION STATEMENT |
| Edition statement |
Vol. 2 |
| 260 ## - PUBLICATION, DISTRIBUTION, ETC. (IMPRINT) |
| Name of publisher, distributor, etc |
The Nautical Institute |
| Date of publication, distribution, etc |
2010 |
| Place of publication, distribution, etc |
Delhi |
| 300 ## - PHYSICAL DESCRIPTION |
| Extent |
x, 215p. |
| 650 ## - SUBJECT ADDED ENTRY--TOPICAL TERM |
| Topical term or geographic name as entry element |
Ships--Electronic equipment |
| 650 ## - SUBJECT ADDED ENTRY--TOPICAL TERM |
| Topical term or geographic name as entry element |
Digital mapping |
| 650 ## - SUBJECT ADDED ENTRY--TOPICAL TERM |
| Topical term or geographic name as entry element |
Electronics in navigation |
| 942 ## - ADDED ENTRY ELEMENTS (KOHA) |
| Item type |
Books |